|
|
|
|
| LEADER |
01099nam a22003012a 4500 |
| 001 |
000967069 |
| 003 |
CZ BrMZK |
| 005 |
20100219124950.0 |
| 007 |
ta |
| 008 |
090922s1960 pl er|||||||||||pol d |
| 020 |
|
|
|q (Váz.)
|
| 040 |
|
|
|a ABA001
|b cze
|c ABA001
|d BOA001
|
| 041 |
1 |
|
|a pol
|h cze
|h slo
|
| 245 |
0 |
0 |
|a Czeska i słowacka pieśń ludowa :
|b wybór /
|c Opracował Józef Magnuszewski ; przełożyła Anna Kamieńska
|
| 250 |
|
|
|a Wyd. 1.
|
| 260 |
|
|
|a Wrocław :
|b Zakład narodowy imienia Ossolińskich,
|c 1960
|e (Kraków :
|f Krakowskie zakłady graficzne)
|
| 300 |
|
|
|a 53, 224 s. ;
|c 8°
|
| 490 |
1 |
|
|a Biblioteka narodowa. Seria 2 ;
|v Nr. 122
|
| 500 |
|
|
|a Bibliogr.
|
| 500 |
|
|
|a Pozn.
|
| 500 |
|
|
|a 1830 + 180 výt.
|
| 700 |
1 |
|
|a Magnuszewski, Józef,
|d 1924-1994
|7 ola2003196345
|4 edt
|
| 700 |
1 |
|
|a Kamieńska, Anna,
|d 1920-1986
|7 jx20050106002
|4 trl
|
| 830 |
|
0 |
|a Biblioteka Narodowa (Zakład Narodowy imienia Ossolińskich)
|
| 910 |
|
|
|a BOA001
|b 1-0455.133
|
| 990 |
|
|
|a BK
|
| 991 |
|
|
|b 200909
|
| 996 |
7 |
|
|b 2619432172
|c 1-0455.133
|l MZK
|r Sklad / do 1 hodiny
|n 0
|w 000967069
|u 000010
|a 1
|e BOA001
|j MZK50
|s A
|